000 005750000a22001810004500
003 MACL
005 20160423160245.0
008 160423b xxu||||| |||| 00| 0 eng d
040 _aMACL
_cMACL
041 _aHindi
082 _a800 FHA
100 _aप्रसाद शिवचन्‍द
_953706
245 _aफणीश्‍वरनाथ रेणु राजनीतिक चेतना
260 _bअनु प्रकाशन
_c2004
_aनई दिल्‍ली
350 _a350
650 _aLiterature
_953707
942 _cHIN
_k800/PRA/L
_2ddc
999 _c9349
_d9349